| 000 -LEADER |
| fixed length control field |
00434nam a22001697a 4500 |
| 008 - FIXED-LENGTH DATA ELEMENTS--GENERAL INFORMATION |
| fixed length control field |
131113b xxu||||| |||| 00| 0 eng d |
| 020 ## - INTERNATIONAL STANDARD BOOK NUMBER |
| International Standard Book Number |
8877545534 |
| 041 0# - LANGUAGE CODE |
| Language code of text/sound track or separate title |
eng |
| 080 ## - UNIVERSAL DECIMAL CLASSIFICATION NUMBER |
| Universal Decimal Classification number |
339.138 |
| 100 1# - Rafti |
| Rafti |
Fitzgerald, Jeremy |
| 245 10 - TITLE STATEMENT |
| Title |
Marketing / |
| Statement of responsibility, etc |
Geremy Fitzgerald |
| 260 ## - |
| -- |
Genoa : |
| -- |
Black Cat publishing ; |
| -- |
2001. |
| 300 ## - |
| -- |
80 f. : |
| -- |
21 cm. |
| 650 #0 - |
| -- |
Marketingu |
| 650 #0 - |
| -- |
Marketingu industrial |
| 942 ## - ADDED ENTRY ELEMENTS (KOHA) |
| Source of classification or shelving scheme |
|
| Item type |
Books |